| 000 | 00496nam a2200169 i 4500 | ||
|---|---|---|---|
| 001 | 70995 | ||
| 003 | ES-MaACL | ||
| 007 | t| | ||
| 008 | 040804s1929 sp ||||1| spa d | ||
| 100 | 1 |
_aGascón y Marín, José. _955866 |
|
| 245 | 1 | 0 |
_aTratado de Derecho Administrativo _b: principios y legislación española / _cpor José Gascón y Marín. |
| 250 | _a4ª ed. rev. | ||
| 260 |
_a[S.l. : _bs.n., _c1929] |
||
| 300 |
_a560 p. ; _c24 cm. |
||
| 500 | _aEs el T. I. | ||
| 852 |
_aES-MaACL _jC-7213 |
||
| 999 |
_c70995 _d70995 |
||